| 000 | 00772nam a22002177a 4500 | ||
|---|---|---|---|
| 999 |
_c65523 _d65523 |
||
| 005 | 20240530110829.0 | ||
| 008 | 190903s2006 ua a g b 000 0 ara d | ||
| 017 |
_a2006/15016 _bمصر. دار الكتب |
||
| 020 | _a9774083032 | ||
| 040 |
_aEG-CaGPL _cEG-CaGPL |
||
| 082 | 0 | 4 |
_221 _a229.2\ _bم ع |
| 100 | 0 | _aمنصور على عرابى | |
| 245 | 1 | 0 |
_aعلاج المسلمين من سحر الساحرين ومس الشياطين / _cتأليف منصور على عرابى |
| 250 | _aط.2 | ||
| 260 |
_aالقاهرة : _bدار الفاروق للاستثمارات الثقافية، _c2006 |
||
| 300 |
_a127 ص. ؛ _c24 سم. |
||
| 650 | 0 | 7 |
_2qrmak _aالسحر |
| 651 | _2qrmak | ||
| 942 |
_2ddc _cBK |
||